Facilities management : towards best practice

Bibliographic Details
Other Authors: Barrett, Peter
Format: Book
Language:English
Published: Oxford : Blackwell Science , 1995
Subjects:

MARC

LEADER 00000cam a2200000 7i4500
001 0000007593
005 20220309.0
008 220301 eng
020 |a 0632050438 
040 |a INS 
090 0 0 |a HD1394   |b F23 1995 
245 0 0 |a Facilities management :   |b towards best practice   |c edited by Peter Barrett 
260 |a Oxford :   |b Blackwell Science ,   |c 1995 
300 |a xv, 256 p. :   |b ill. ;   |c 25 cm. 
504 |a Includes bibliographical references and index 
650 0 |a Facility management 
650 0 |a Property management 
650 0 |a Real estate management 
700 1 |a Barrett, Peter 
999 |a 0000007792   |b BOOK   |c Open Shelf   |e Default branch